00330 a2200097 4500001001000000005001700010008004100027245009000068100002700158773004700185ART_6008820260410162052.0260409a 10aLos trust del exterior desde la perspectiva de los tributos nacionales. Segunda parte1 aMastandrea, Alberto F.0 tImpuestosg- N° 163 (ene. 2024)wREV45175